01047nam a22002412 450000100060000000300080000600500170001400800410003103500510007204000320012304100130015508200220016810000480019024502030023826000430044130000690048450001190055350400490067265000130072165000150073470000190074970000370076813322BD-RjUL20211208235434.0140130s1893 enka b 001 0 eng d aOCLC ocm16849810 from D971010Ma(BD-RjUL)13373 aEUWcEUWdEQOdBD-RjULbeng1 aenghfre00a616.392bPEB 18931 aPekelharing, Cornelis Adrianus,d1848-1922.10aBeri-beri :bresearches concerning its nature and cause and the means of its arrest : made by order of the Netherlands Government /cby C.A. Pekelharing and C. Winkler ; translated by James Cantlie. aEdinburgh :bYoung J. Pentland,c1893. axiii, 160 p., 12 leaves of plates :bill., (some col.) ;c23 cm. aTranslation of: Recherches sur la nature et la cause du beriberi et sur les moyens de la combattre. Utrecht, 1888. aIncludes bibliographic references and index. 2aBeriberi 0aBeri-beri.1 aWinkler, Kees.1 aCantlie, James,cSir,d1851-1926